| 000 | 01205nam a2200265 i 4500 | ||
|---|---|---|---|
| 003 | DO-SdBNP | ||
| 005 | 20231130141119.0 | ||
| 007 | ta | ||
| 008 | 220914e1981 dr |||grc||| 000 0dspa d | ||
| 040 |
_aDO-SdBNP _bspa _cBNPHU _erda |
||
| 082 | 4 |
_bF356n,1981 _222 |
|
| 111 |
_aFeria Nacional del Libro _n(IXª : _d1981: del 23 al 30 de abril : _cPlaza Gonzalo Fernández de Oviedo, Casa de Bastidas, Casa de Bibliófilos, Casa de Francia, Museo de las Casas Reales, Santo Domingo) _982367 |
||
| 245 | 1 | 0 |
_aIX feria nacional del libro: _bhomenaje a Domingo Moreno Jiménez / |
| 246 |
_aNovena feria nacional del libro: _bhomenaje a Domingo Moreno Jiménez / |
||
| 264 | 1 |
_aSanto Domingo : _bComisión Organizadora Permanente de la Feria Nacional del Libro, _c1981. |
|
| 300 |
_a[16] páginas _c22 cm. |
||
| 336 |
_2rdacontent _atexto _btxt |
||
| 337 |
_2rdamedia _asin mediación _bn |
||
| 338 |
_2rdacarrier _avolumen _bnc |
||
| 590 | _aInventariado 2023 / YL | ||
| 611 | 4 |
_aFeria Nacional del Libro _d(1981: _cSanto Domingo, República Dominicana) _xDomingo Moreno Jiménez _982368 |
|
| 650 | 4 |
_aFeria del libro _xDomingo Moreno Jiménez _zRepública Dominicana _982369 |
|
| 910 | _aYLockward | ||
| 942 |
_2ddc _cLF2 |
||
| 999 |
_c54474 _d54474 |
||